[Event "FRA-ch U12"]
[Site "Aix les Bains"]
[Date "2009.04.26"]
[Round "9"]
[White "Gelas, Christophe"]
[Black "Dubois, Adrien"]
[Result "1-0"]
[WhiteElo "1918"]
[BlackElo "1540"]
[PlyCount "59"]
[EventDate "2009.04.19"]
[EventType "swiss"]
[EventRounds "9"]
[EventCountry "FRA"]
[SourceTitle "CBM 130 Extra"]
[Source "ChessBase"]
[SourceDate "2009.07.02"]
[SourceVersion "2"]
[SourceVersionDate "2009.07.15"]
[SourceQuality "1"]

1. d4 d5 2. c4 dxc4 3. e4 Nf6 4. e5 Nd5 5. Bxc4 Nb6 6. Bd3 Nc6 7. Ne2 Nb4 8. Be4 N4d5 9. Nbc3 Be6 10. Nf4 Qd7 11. Nxe6 Qxe6 12. 0-0 0-0-0 13. Qf3 g6 14. a4 c6 15. a5 Na8 16. a6 b6 17. Bxd5 cxd5 18. Bf4 Nc7 19. Rfc1 Kb8 20. Qd3 Bg7 21. Rc2 Rc8 22. Rac1 Ka8 23. Nb5 Nxb5 24. Qxb5 Rxc2 25. Rxc2 Rd8 26. h3 h6 27. Rc7 Kb8 28. Rb7+ Ka8 29. Rxe7 Qc8 30. Re8 1-0

[Event "FRA-ch U12"]
[Site "Aix les Bains"]
[Date "2009.04.24"]
[Round "7"]
[White "Dubois, Adrien"]
[Black "Hyjazi, Theo"]
[Result "1/2-1/2"]
[WhiteElo "1540"]
[BlackElo "1770"]
[PlyCount "55"]
[EventDate "2009.04.19"]
[EventType "swiss"]
[EventRounds "9"]
[EventCountry "FRA"]
[SourceTitle "CBM 130 Extra"]
[Source "ChessBase"]
[SourceDate "2009.07.02"]
[SourceVersion "2"]
[SourceVersionDate "2009.07.15"]
[SourceQuality "1"]

1. d4 d6 2. e4 Nf6 3. Nc3 e5 4. dxe5 dxe5 5. Qxd8+ Kxd8 6. Bg5 Be6 7. 0-0-0+ Nbd7 8. Nf3 Kc8 9. Bb5 c6 10. Ba4 Kc7 11. Rhe1 Bb4 12. Bb3 Bxb3 13. cxb3 Be7 14. Nh4 g6 15. Nf3 Rhd8 16. Kb1 a5 17. Rc1 Kb8 18. Nd2 Nc5 19. Rcd1 Ne6 20. Bh4 Nf4 21. g3 Ne6 22. Bxf6 Bxf6 23. Nc4 Nd4 24. Ne2 Kc7 25. Nxd4 exd4 26. e5 Be7 27. Rd3 c5 28. Rc1 1/2-1/2

[Event "FRA-ch U12"]
[Site "Le Grand Bornand"]
[Date "2007.04.??"]
[Round "6"]
[White "Dubois, Adrien"]
[Black "Cogan, Nicolas"]
[Result "0-1"]
[WhiteElo "1510"]
[BlackElo "1740"]
[PlyCount "58"]
[EventDate "2007.04.07"]
[EventType "swiss"]
[EventRounds "9"]
[EventCountry "FRA"]
[SourceTitle "CBM 118 Extra"]
[Source "ChessBase"]
[SourceDate "2007.07.04"]
[SourceVersion "1"]
[SourceVersionDate "2007.07.04"]
[SourceQuality "1"]

1. d4 d5 2. c4 e6 3. Nc3 Nf6 4. Bg5 Be7 5. cxd5 exd5 6. Nf3 Nc6 7. e3 Bf5 8. Bb5 a6 9. Bxc6+ bxc6 10. Qa4 Qb8 11. Nd1 Qb5 12. Qxb5 cxb5 13. 0-0 0-0 14. Nc3 h6 15. Bxf6 Bxf6 16. Nxd5 c6 17. Nxf6+ gxf6 18. Rfc1 Rfc8 19. Rc5 Be4 20. Kh1 Bd5 21. a3 Rc7 22. Re1 Re8 23. Nh4 Kh7 24. Nf5 Kg6 25. Ng3 Rce7 26. h4 h5 27. Kh2 a5 28. Ne2 Re4 29. Nf4+ Rxf4 0-1